000 00695nam a2200169 a 4500
001 000043856
005 20201002045017.0
008 140507s2003 dr acd 000 0 spa d
020 _a8460791750
040 _aDO-SdBNP
_bspa
_cBNPHU
111 2 _aForo Eurolatinoamericano de Comunicación
_n(8:
_d2002 : 11-14 nov.
_cSanto Domingo )
_971723
245 1 0 _aCrisis y oportunidades en América Latina /
_cprólogo Miguel Ángel Aguilar ; editado por Javier Fernández Arribas,.
260 _aMadrid :
_bAsociación de Periodistas Europeos,
_c2003.
300 _a270 p. :
_bil.,gráf., retrs. ;
_c24 cm.
700 1 2 _aAguilar, guel Ángel
_epról.
_971724
700 1 2 _aFernández Arribas, Javier
_eed.
_970667
999 _c43345
_d43345